Govt. of
Madhya Pradesh

Musings on The Bhagwad Gita (Record no. 14001)

MARC details
000 -LEADER
fixed length control field 003560000a22001570004500
001 - CONTROL NUMBER
control field 002085
003 - CONTROL NUMBER IDENTIFIER
control field MACL
040 ## - CATALOGING SOURCE
Original cataloging agency MACL
090 ## - LOCALLY ASSIGNED LC-TYPE CALL NUMBER (OCLC); LOCAL CALL NUMBER (RLIN)
-- 14078
-- 14077
100 ## - MAIN ENTRY--PERSONAL NAME
Personal name Vaish, Nehal Chand
245 ## - TITLE STATEMENT
Title Musings on The Bhagwad Gita
Statement of responsibility, etc. Nehal Chand Vaish
260 ## - PUBLICATION, DISTRIBUTION, ETC. (IMPRINT)
Place of publication, distribution, etc. Bharatiya Vidya Bhavan,
Date of publication, distribution, etc. 2001
350 ## - PRICE (NR) (BK AM CF MU VM SE) [OBSOLETE]
Price 500
650 ## - SUBJECT ADDED ENTRY--TOPICAL TERM
Topical term or geographic name as entry element Religion
942 ## - ADDED ENTRY ELEMENTS (KOHA)
Call number prefix 295
Koha item type Library Membar
Holdings
Withdrawn status Lost status Source of classification or shelving scheme Damaged status Not for loan Home library Current library Date acquired Cost, normal purchase price Total Checkouts Full call number Barcode Date last seen Uniform Resource Identifier Price effective from Koha item type
          MACL MACL   500.00   294.592/RAM CRE015106 02/05/2024 13880 15/04/2015 Books